000 00505nam a22001937a 4500
003 MPLRDC
005 20220104160130.0
008 210129b ||||| |||| 00| 0 eng d
020 _a7-80595-842-4
082 _a719.37 POL
100 _aMARCO POLO
245 _a马可. 波罗游记
_c大陆桥翻译社译
250 _a一版一刷
260 _a中国
_b远方出版社
_c2003
300 _b184
490 _a发现/大旅行家游记
650 _a印度半岛游记
942 _cBK
_o719.37 POL
999 _c54828
_d54818